Name E-I-G-H-T Things Quiz Stats

Quiz Updated Apr 15, 2017

Challenge
Share
Tweet
Embed
Score 0/40 Timer 08:00
0 Plays Today
Hint Answer % Correct
CountriesIceland, India, Indonesia, Iran, Iraq, Ireland, Israel, Italy
97.9%
CountriesGabon, (The) Gambia, Georgia, Germany, Ghana, Greece, Grenada, Guatemala, Guinea, Guinea-Bissau, Guyana
96%
CountriesEcuador, Egypt, El Salvador, Equatorial Guinea, Eritrea ,Estonia, Ethiopia
93.9%
CountriesHaiti, Honduras, Hungary
93.1%
CountriesTaiwan, Tajikistan, Tanzania, Thailand, Timor-Leste, Togo, Tonga, Trinidad and Tobago, Tunisia, Turkey, Turkmenistan, Tuvalu
92.9%
ElementsHafnium, Hassium, Helium, Holmium, Hydrogen
91.5%
Official Languages of CountriesEnglish, Estonian
90.6%
ElementsIndium, Iodine, Iridium, Iron
88%
Official Languages of CountriesGalician, Georgian, German, Greek, Greenlandic, Guarani, Gujarati
87.8%
ElementsTantalum, Technetium, Tellurium, Terbium, Thallium, Thorium, Thulium, Tin, Titanium, Tungsten
84.6%
Official Languages of CountriesTajik, Tamil, Thai, Tok Pisin, Tongan, Tsonga, Tswana, Turkish, Turkmen, Tuvaluan
78.6%
Official Languages of CountriesHebrew, Hindi, Hiri Motu, Hungarian
74.4%
ElementsGadolinium, Gallium, Germanium, Gold
72.4%
Official Languages of CountriesIcelandic, Irish, Italian
72.3%
NATO Phonetic AlphabetIndia
71.7%
Official Olympic SportsGolf, Gymnastics Artistic, Gymnastics Rhythmic
70.4%
Books of the BibleGalatians, Genesis
70%
Books of the BibleEcclesiastes, Ephesians, Esther, Exodus, Ezekiel, Ezra
69.2%
Big 4 Team NicknamesTexans, Thunder, Tigers, Timberwolves, Titans, Trail Blazers, Twins
66.1%
Big 4 Team NicknamesGiants, Grizzlies
59.7%
Hint Answer % Correct
Big 4 Team NicknamesEagles
58.6%
Big 4 Team NicknamesHawks, Heat, Hornets, Hurricanes
57.5%
Big 4 Team NicknamesIndians, Islanders
57.3%
Official Olympic SportsTable Tennis, Taekwondo, Tennis, Trampoline, Triathlon
56.7%
NATO Phonetic AlphabetTango
56%
Oscar Best Picture WinnersGandhi, Gentleman's Agreement, Gigi, Gladiator, The Godfather, The Godfather Part II, Going My Way, Gone with the Wind, Grand Hotel, The Great Ziegfeld, The Greatest Show on Earth
55.7%
NATO Phonetic AlphabetEcho
54.7%
NATO Phonetic AlphabetGolf
53.9%
Official Olympic SportsHandball, Hockey
52.9%
ElementsEinsteinium, Erbium, Europium
51.9%
Oscar Best Picture WinnersTerms of Endearment, Titanic, Tom Jones
47%
Official Olympic SportsEquestrian/Dressage, Equestrian Eventing, Equestrian Jumping
45.1%
Official Olympic SportsIce Hockey
42.1%
NATO Phonetic AlphabetHotel
38.5%
Books of the BibleThessalonians, Timothy, Titus
38.5%
Books of the BibleIsaiah
35%
Books of the BibleHabakkuk, Haggai, Hebrews, Hosea
33.8%
Oscar Best Picture WinnersHamlet, How Green Was My Valley, The Hurt Locker
21.2%
Oscar Best Picture WinnersIn the Heat of the Night, It Happened One Night
19.8%
Oscar Best Picture WinnersThe English Patient
12.6%

You're not logged in!

Compare scores with friends on all Sporcle quizzes.
Join for Free
OR
Log In

You Might Also Like...

Show Comments

Extras

Top Quizzes Today


Score Distribution

Your Account Isn't Verified!

In order to create a playlist on Sporcle, you need to verify the email address you used during registration. Go to your Sporcle Settings to finish the process.

Report this User

Report this user for behavior that violates our Community Guidelines.

Details: